| 000 | 01122cam a22003134a 4500 | ||
|---|---|---|---|
| 999 |
_c4290 _d4290 |
||
| 001 | 12483177 | ||
| 003 | OSt | ||
| 005 | 20220811132811.0 | ||
| 008 | 010726s2002 enk b 001 0 eng | ||
| 010 | _a 2001004496 | ||
| 020 | _a0745627153 (HB : alk. paper) | ||
| 020 | _a0745627161 (PB : alk. paper) | ||
| 040 |
_aKABLIB _cKABLIB _dKABLIB |
||
| 042 | _apcc | ||
| 050 | 0 | 0 |
_aHQ1075 _b.C658 2002 |
| 082 | 0 | 0 |
_a305.3 _223 |
| 100 | 1 |
_aConnell, Raewyn _d1944- _911256 |
|
| 245 | 1 | 0 |
_aGender / _cR. W. Connell. |
| 260 |
_aCambridge, UK : _bPolity ; _aMalden, MA : _bBlackwell Publishers, _c2002. |
||
| 300 |
_aviii, 173 p. ; _c24 cm. |
||
| 440 | 0 |
_aShort introductions _911257 |
|
| 504 | _aIncludes bibliographical references (p. [152]-165) and index. | ||
| 650 | 0 |
_aSex role _xResearch. _911258 |
|
| 650 | 0 |
_aGender identity _xResearch. _911259 |
|
| 650 | 0 |
_aSexology _xResearch. _911260 |
|
| 906 |
_a7 _bcbc _corignew _d1 _eecip _f20 _gy-gencatlg |
||
| 942 |
_2ddc _cBOOK |
||